000 01108nam a22002175i 4500
001 165615
003 ES-MaACL
005 20230906213156.0
008 050905s1865 fr | |||||||| ||fre d
040 _aCAM
_bspa
_cCAM
100 1 _aSoulié, Emile.
_9132853
245 1 3 _aLe pétrole
_b: ses gisements, son exploitation, son traitement industriel, ses produits dérivés, ses applications a l'éclairage et au chauffage /
_cpar Emile Soulié et Hipp. Haudoüin.
260 _aParis :
_bLibrairie Scientifique, Industrielle et Agricole, Eugène Lacroix éditeur,
_c1865 (
_eCorbeil :
_fTyp. et stér. de Crété)
300 _aVIII, 231 p. ;
_c18 cm.
490 1 _aBibliothèque des professions industrielles et agricoles. Série D ;
_v19
650 4 _aPetróleo.
_915989
700 1 _aHaudoüin, Hippolite.
_9127810
830 0 _aBibliothèque des professions industrielles et agricoles. Série D ;
_v19
_9222470
852 _aES-MaACL
_jG-13485
_z-- Enc. hol. conservando la cub. original
_z-- Ex-libris ms. de Gustavo Saenz Diez
_z-- Enc. con 24 p. de información editorial
999 _c165615
_d165615